| 000 | 01024nac a22003011i 4500 | ||
|---|---|---|---|
| 003 | EG-ScBUE | ||
| 005 | 20240917102817.0 | ||
| 008 | 100210t2006 maua f b 001 0 eng d | ||
| 020 | _a0619217642 | ||
| 020 | _a9780619217648 | ||
| 040 |
_aEG-ScBUE _beng _erda _cEG-ScBUE _dEG-ScBUE |
||
| 082 | 0 | 4 |
_a511.3 _bSIP _222 |
| 100 | 1 |
_aSipser, Michael, _eauthor. _911173 |
|
| 245 | 1 | 0 |
_aIntroduction to the theory of computation / _cMichael Sipser, Massachusetts Institute of Technology. |
| 250 | _aSecond edition. | ||
| 250 | _aInternational edition. | ||
| 264 | 1 |
_aBoston : _bThomson Course Technology, _c[2006] |
|
| 264 | 4 | _cc2006 | |
| 300 |
_axix, 437 pages : _billustrations ; _c25 cm |
||
| 336 |
_2rdacontent _atext _btxt |
||
| 337 |
_aunmediated _2rdamedia _bn |
||
| 338 |
_avolume _bnc _2rdacarrier |
||
| 504 | _aIncludes bibliographical references and index. | ||
| 650 | 7 |
_aMachine theory. _2BUEsh _911174 |
|
| 650 | 7 |
_aComputational complexity. _2BUEsh _911175 |
|
| 655 | _vReading book | ||
| 942 |
_cBB _2ddc |
||
| 999 |
_c8356 _d8356 |
||